Podniky v kríze: dôležitosť kreativity v rozhodovaní

Rozhodovanie sa odráža v každej manažérskej funkcii, završuje proces manažmentu a zároveň roztáča nekonečný kolobeh aktivít, na ktoré musíte ako manažéri reagovať a riešiť ich. Metodika a hierarchia rozhodovania.

Guardado en:
Detalles Bibliográficos
Autor principal: Záležáková, Eliška
Formato: Capítulo de libro
Lenguaje:eslovaco
Materias:
Etiquetas: Agregar Etiqueta
Sin Etiquetas, Sea el primero en etiquetar este registro!

MARC

LEADER 00000nla a2200000 4500
001 0152742
005 20240502072724.0
041 0 |a slo 
044 |a SK 
245 1 0 |a Podniky v kríze: dôležitosť kreativity v rozhodovaní  |c Eliška Záležáková 
520 |a Rozhodovanie sa odráža v každej manažérskej funkcii, završuje proces manažmentu a zároveň roztáča nekonečný kolobeh aktivít, na ktoré musíte ako manažéri reagovať a riešiť ich. Metodika a hierarchia rozhodovania. 
610 2 0 |a manažment 
610 2 0 |a manažéri 
610 2 0 |a rozhodovanie manažérske 
610 2 0 |a riadenie zmien 
610 2 0 |a brainstorming 
610 2 0 |a metódy rozhodovania 
610 2 0 |a kreativita 
100 1 |a Záležáková, Eliška